000 00393nam a2200181Ia 4500
005 20240823041610.0
008 240823s9999||||xx |||||||||||||| ||und||
041 _aENGLISH
082 _A378.38 P4
100 _aArulanandam
245 0 _aSeamippu
250 _a1st
260 _c2004
_bVengadam veli
500 _aYES
650 _aTamil Book
_bGeneral
942 _cBK
999 _c205883
_d205883